|
|
|
|
| LEADER |
00000cam a2200000 7i4500 |
| 001 |
0000005752 |
| 002 |
000006218 |
| 005 |
20081118.0 |
| 020 |
|
|
|a T000000482
|
| 090 |
0 |
0 |
|a 796.8155
|b CON
|
| 100 |
1 |
|
|a Connor, Danny
|
| 245 |
0 |
0 |
|a Tai chi
|c Danny Connor with Marnix Wells and Michael Tse
|
| 260 |
|
|
|a London :
|b Stanley Paul ,
|c 1989
|
| 300 |
|
|
|a 176p. :
|b ill ;
|c 25cm.
|
| 650 |
0 |
0 |
|a Tai Chi Chuan
|x Handbooks, manuals, etc.
|
| 700 |
1 |
|
|a Wells, Marnix# .
|a Tse, Michacl
|
| 999 |
|
|
|a 001429
|b BUKU
|c PINJAMAN
|e PERPUSTAKAAN KOMUNITI PETALING JAYA
|
| 999 |
|
|
|a 031430
|b BUKU
|c PINJAMAN
|e PERPUSTAKAAN KOMUNITI PETALING JAYA
|